Ley de contratacion administrativa : (Registro nro. 11419)

Detalles MARC
000 -LEADER
fixed length control field 01281nam a2200301 4500
001 - CONTROL NUMBER
control field 0000023041
003 - CONTROL NUMBER IDENTIFIER
control field CO-CtgCURN
005 - DATE AND TIME OF LATEST TRANSACTION
control field 20250329191024.0
007 - PHYSICAL DESCRIPTION FIXED FIELD--GENERAL INFORMATION
fixed length control field ta
008 - FIXED-LENGTH DATA ELEMENTS--GENERAL INFORMATION
fixed length control field 160627s2007 000 0 eng d
020 ## - INTERNATIONAL STANDARD BOOK NUMBER
International Standard Book Number 9789588298979
040 ## - CATALOGING SOURCE
Original cataloging agency CO-CtgCURN
Language of cataloging spa
Transcribing agency coctgcurn
082 0# - DEWEY DECIMAL CLASSIFICATION NUMBER
Classification number 346.023
Item number R457
100 1# - MAIN ENTRY--PERSONAL NAME
Personal name Reyes Yunis, Laura.
245 10 - TITLE STATEMENT
Title Ley de contratacion administrativa :
Remainder of title reforma a la contratacion estatal /
Statement of responsibility, etc. Laura Reyes Yunis.
260 ## - PUBLICATION, DISTRIBUTION, ETC.
Place of publication, distribution, etc. Bogotá :
Name of publisher, distributor, etc. Editorial Universidad del Rosario,
Date of publication, distribution, etc. 2007.
300 ## - PHYSICAL DESCRIPTION
Extent 452 p.
336 ## - CONTENT TYPE
Source rdacontent
337 ## - MEDIA TYPE
Source rdamedia
Media type term sin mediacion
Media type code n
338 ## - CARRIER TYPE
Source rdacarrier
Carrier type term volumen
Carrier type code nc
490 1# - SERIES STATEMENT
Series statement Colección textos de jurisprudencia
504 ## - BIBLIOGRAPHY, ETC. NOTE
Bibliography, etc. note bibliografia (p. 450-452)
505 8# - FORMATTED CONTENTS NOTE
Formatted contents note Modalidades de selección.--Mecanismos de evaluacion y registro unico de proponentes.--Distribucion de riesgos en la contratacion estatal.--Regimenes excepcionales.--Debido proceso y aspectos procedimentales.--mecanismos de publicidad.--Gacetas del congreso que contienen los antecedentes legislativos de la ley 1150 de 2007
650 14 - SUBJECT ADDED ENTRY--TOPICAL TERM
Topical term or geographic name entry element Derecho administrativo
Geographic subdivision Colombia.
908 ## - PUT COMMAND PARAMETER (RLIN)
Put command parameter 160627
942 ## - ADDED ENTRY ELEMENTS (KOHA)
Koha item type Libros
Classification part 346.023
Item part R457
Source of classification or shelving scheme Dewey Decimal Classification
Existencias
Withdrawn status Lost status Source of classification or shelving scheme Damaged status Not for loan Collection Home library Current library Shelving location Date acquired Inventory number Total checkouts Full call number Barcode Date last seen Copy number Price effective from Koha item type Public note
    Dewey Decimal Classification     General Miguel Henríquez Castañeda Miguel Henríquez Castañeda General 03/29/2025 012442   346.023 R457 012442 03/29/2025 ej.1 03/29/2025 Libros 340-DEREC